Guess The Country - Statistics

General Stats
  • This quiz has been taken 41 times
  • The average score is 13 of 15
Answer Stats
Hint Answer % Correct
Largest in the world Russia
100%
Smallest in the world Vatican City
100%
Kangaroos Australia
97%
Big wall China
97%
Pyramids Egypt
97%
Baguette France
97%
Highest population India
97%
Pizza Italy
97%
Freedom United States
97%
Big rainforest Brazil
94%
Maple leaf Canada
94%
3 capitals South Africa
83%
Big buildings United Arab Emirates
71%
10 letters and north of its counterpart North Korea
66%
Futuristic Japan
57%
No matching quizzes found
Score Distribution
Percent of People with Each Score
Percentile by Number Answered
Your Score History
You have not taken this quiz